| 000 | 03379nam a22003497a 4500 | ||
|---|---|---|---|
| 003 | OSt | ||
| 005 | 20250703122138.0 | ||
| 007 | cr ||||||a|c|| | ||
| 008 | 240801s2021 mx ad||fom||| 001 0 spa d | ||
| 040 | _erda | ||
| 100 | 1 |
_aMurrieta Dionicio, Heber _9189337 |
|
| 245 | 1 | 0 |
_aRespuesta económica a la suplementación con concentrado sobre vacas lecheras en pastoreo / _cpor Murrieta Dionicio Heber; presidente Leticia Myriam Sagarnaga Villegas; secretario Citlali Anais Castro Jaime; vocal Jorge Luis Castrellón Montelóngo; suplente Enrique Cortés Díaz; suplente Juan Daniel Jiménez Rosales |
| 264 | 1 |
_aChapingo, México : _bEl autor, _c2021. |
|
| 300 |
_a1 recurso en línea (81 páginas): _bIlustraciones, cuadros, gráficas |
||
| 336 |
_2rdacontent _atexto _btxt |
||
| 337 |
_2rdamedia _acomputadora _bc |
||
| 338 |
_2rdacarrier _arecurso en línea _bcr |
||
| 502 |
_bIAEZ _cZootecnía _d2021 _gLIC |
||
| 504 | _aIncluye referencias bibliográficas: páginas 65-75 | ||
| 520 | _aEl objetivo de este trabajo fue evaluar el impacto económico de la suplementación creciente con concentrado a través de las modificaciones en los parámetros productivos como producción individual de leche, carga animal y producción de leche por hectárea de vacas lecheras en pastoreo de praderas mixtas de Medicago sativacon Dactylis glomerata. Se evaluaron tres niveles de suplementación: 2.5, 5.0 y 7.5 kg de MS de concentrado vaca-1 d-1, en tres unidades experimentales formadas por lotes de cinco vacas Holstein Neozelandés y sus respectivas áreas de pastoreo. Los lotes fueron manejados con base en un diseño experimental cross over 3x3, estableciendo un nivel de suplementación diferente a cada lote en cada fase experimental. La asignación de forraje se ajustó con base en la altura del forraje residual de 8 cm en todos los tratamientos. Los datos productivos se analizaron con el procedimiento GLM de SAS; con los datos económicos se realizó el análisis de rentabilidad para la determinación del ingreso neto y la utilidad económica. La suplementación creciente aumentó la producción de leche individual, la carga animal y por consecuencia la producción de leche por hectárea (P<0.05), misma que resultó principalmente del aumento en la carga animal. Los costos de operación respondieron positivamente al incremento del nivel de suplementación, incrementando el costo de producción por litro de leche. El uso de un nivel de suplementación medio permite obtener mayores utilidades por animal en producción, los tres niveles de suplementación presentaron rentabilidad económica con mayores utilidades por hectárea conforme se incrementó la suplementación. | ||
| 650 | 4 |
_aProducción de leche en pastoreo _9145989 |
|
| 650 | 4 |
_aSuplementos proteico _xenérgetico _9145563 |
|
| 650 | 4 |
_aPastoreo _xAlimentación _9143651 |
|
| 650 | 4 |
_aLeche _xCostos de producción _965371 |
|
| 700 | 1 |
_aSagarnaga Villegas, Leticia Myriam _9101176 _epresidente |
|
| 700 | 1 |
_aCastro Jaime, Citlali Anais _9188843 _esecretario |
|
| 700 | 0 |
_aCastrellón Montelongo, Jorge Luis _evocal _920309 |
|
| 700 | 1 |
_aCortés Díaz, Enrique _928347 _esuplente |
|
| 700 | 1 |
_aJiménez Rosales, Juan Daniel _9125885 _esuplente |
|
| 856 |
_uhttp://10.13.5.2/tesis/tl/2021_ZO_Murrieta_Dionicio_Heber.pdf _zDESCARGAR PDF |
||
| 942 |
_2Clasificación Universidad Autónoma Chapingo _cTD |
||
| 999 |
_c220044 _d220044 |
||